Oscar del calcio AIC 2010 - Statistics

Statistiche generali
  • Questo quiz è stato fatto 86 volte
  • Il punteggio medio è 8 su 10
Statistiche sulle risposte
Categoria Nazione Squadra Vincitore % Corretto
Migliore calciatore italiano Italia Udinese Antonio Di Natale
97%
Migliore calciatore straniero Italia Inter Diego Milito
91%
Migliore calciatore assoluto Argentina Inter Diego Milito
91%
Migliore squadra - - Inter
91%
Migliore allenatore Portogallo Inter José Mourinho
91%
Migliore portiere Brasile Inter Júlio César
91%
Migliore difensore Argentina Inter Walter Samuel
77%
Miglior gol Brasile Inter Maicon
70%
Migliore calciatore giovane Argentina Palermo Javier Pastore
69%
Migliore arbitro - - Emidio Morganti
0%
Nessun quiz corrispondente trovato
Distribuzione punteggi
Percentuale di utenti per punteggio
Percentile per numero di risposta
I tuoi punteggi nel tempo
Non hai fatto questo quiz